000 00244nam a22001097a 4500
008 170126b xxu||||| |||| 00| 0 eng d
020 _a0918082064
041 _aeng
080 _26TH
_a61
245 _aMATH FOR MEDS
_cCURREN, A.M
942 _2udc
_cBK
999 _c3765
_d3765